Švédský pracovní trh po vstupu České republiky do Evropské unie
Švédsko otvorilo od 1. mája 2004 svoj trh záujemcom o prácu z pristupujúcich krajín. Pracovné a pobytové povolenie. Podmienky získania pracovného a pobytového povolenia, v prípade zamietnutia pobytu - možnosť odvolania. Cena práce. Priemerná mesačná mzda podľa dosiahnutého stupňa vzdelania, podľa hl...
Salvato in:
| Autore principale: | |
|---|---|
| Natura: | Capitolo di libro |
| Lingua: | ceco |
| Soggetti: | |
| Tags: |
Nessun Tag, puoi essere il primo ad aggiungerne!!
|
MARC
| LEADER | 00000naa$a2200000$$$4500 | ||
|---|---|---|---|
| 001 | 0020121 | ||
| 005 | 20230908091022.0 | ||
| 041 | 0 | |a cze | |
| 044 | |a CZ | ||
| 245 | 1 | 0 | |a Švédský pracovní trh po vstupu České republiky do Evropské unie |c Jan Maruška |
| 520 | |a Švédsko otvorilo od 1. mája 2004 svoj trh záujemcom o prácu z pristupujúcich krajín. Pracovné a pobytové povolenie. Podmienky získania pracovného a pobytového povolenia, v prípade zamietnutia pobytu - možnosť odvolania. Cena práce. Priemerná mesačná mzda podľa dosiahnutého stupňa vzdelania, podľa hlavných sektorov. Priame dane, kontrola nad platiteľmi daní. | ||
| 610 | 2 | 0 | |a trh práce |
| 610 | 2 | 0 | |a príležitosť pracovná |
| 610 | 2 | 0 | |a Švédsko |
| 610 | 2 | 0 | |a cena práce |
| 610 | 2 | 0 | |a dane priame |
| 100 | 1 | |a Maruška, Jan | |